| 000 | 00365 a2200157 4500 | ||
|---|---|---|---|
| 001 | 64161 | ||
| 082 | _a519.4 BUR | ||
| 090 |
_c37916 _d37916 |
||
| 100 | _aBurden Richard L | ||
| 245 |
_aNumerical Analysis _hEnglish |
||
| 250 | _a6th | ||
| 260 |
_aUSA _bBrooks/Cole Publication _c1997 |
||
| 300 | _a811p. | ||
| 500 | _aMS Textbooks | ||
| 505 | _aNUST Books | ||
| 942 |
_aNUST-CAE _k519.4 BUR _cMS |
||
| 999 |
_c299234 _d299234 |
||